LEADER 01442nam2-2200445li-450- 001 990000113380203316 005 20061214152209.0 035 $a0011338 035 $aUSA010011338 035 $a(ALEPH)000011338USA01 035 $a0011338 100 $a19900404d1985----km-y0itay50------ba20001109d1985----km-y0itay0103----ba 101 0 $aeng 102 $aGB 105 $aa---||||001yy 200 1 $aCombinatorics and geometry$fedited by Walter Ledermann, StevenVajda$v5 210 $aChichester [etc.]$cJ. Wiley & Sons$dc1985 215 $a2 v.$cill.$d26 cm. 315 $aenciclopedie 327 1 $a : XVII, 327, XXXIII p. - : XVII, P. 329-732, XXXIII p. 410 0$12001 454 1$12001 461 0$10010011335$12001$aHandbook of applicable mathematics$fchief editor: Walter Ledermann 606 0 $aMatematica$xEnciclopedie e dizionari 676 $a510.321 702 1$aLEDERMANN,$bWalter 702 1$aVAJDA,$bSteven 801 $aSistema bibliotecario di Ateneo dell' Università di Salerno$bsalbc$gRICA 912 $a990000113380203316 951 $aG/50$b875$cG 951 $aG/51$b876$cG 959 $aBK 969 $aDIMEC 979 $c19900404 979 $c20001110$lUSA01$h1711 979 $c20020403$lUSA01$h1619 979 $aPATRY$b90$c20040406$lUSA01$h1609 979 $aDIMEC$b90$c20061214$lUSA01$h1522 996 $aCombinatorics and geometry$973037 997 $aUNISA